000 00465nam a22001817a 4500
003 BD-ChCU
005 20260202133126.0
008 260202b bg ||||| |||| 00| 0 ben d
040 _cBD-ChCU
082 _a551.5 SUA
100 _aSutton , O . G.
_920006
245 _aAtmospheric turbulence ./
_cO.G. Sutton .
250 _a2nd ed.
260 _aLondon :
_bMethuen ,
_cC 1960
300 _aviii , 111p
650 0 _aAtmosphere .
_920007
942 _2ddc
_cBK
_n0
999 _c111433
_d111433